| 000 | 01170nam a2200373 a 4500 | ||
|---|---|---|---|
| 003 | AR-BaBNM | ||
| 005 | 20251128204941.0 | ||
| 008 | 082120s2002 ||||||||||||||000 | spa|| | ||
| 020 | _a950-25-0023-7 | ||
| 040 | _cAR-BaBNM | ||
| 100 | 1 | _aMayo, Carlos A. | |
| 245 | 0 | 0 |
_aLa diplomacia del petróleo _b1916-1930 |
| 260 |
_aBuenos Aires _bCentro Editor de América Latina _c1983 |
||
| 300 | _a200 p. | ||
| 490 | 0 |
_aBiblioteca política argentina _vv. 24 |
|
| 500 | _aConstituye una breve historia política del petróleo argentino hasta el año 1930, es decir, hasta la caída de Hipólito Yrigoyen | ||
| 600 | 1 | 4 | _aMosconi, Enrique |
| 600 | 1 | 4 | _aTobar, Francisco |
| 610 | 2 | 4 | _aUnión Cívica Radical [Argentina] |
| 610 | 2 | 4 | _aYacimientos Petrolíferos Fiscales |
| 610 | 2 | 4 | _aStandard Oil |
| 610 | 2 | 4 | _aCompañía Jujeña de Kerosene |
| 650 | 4 | _aHISTORIA ARGENTINA | |
| 650 | 4 | _aPETROLEO | |
| 650 | 4 | _aDIPLOMACIA | |
| 650 | 4 | _aHISTORIA ECONOMICA | |
| 651 | 4 | _aEstados Unidos | |
| 651 | 4 | _aArgentina | |
| 700 | 1 | _aAndino, O.R. | |
| 700 | 1 | _aGarcía Molina, Fernando | |
| 800 | 1 |
_aTroncoso, Oscar _edirector |
|
| 942 | _cBK | ||
| 998 | _cEnrique | ||
| 999 |
_c9457 _d9457 |
||